000 01905cam a22001814a 4500
005 20250605164015.0
008 250528s ||||||||||||||||||||||||d
035 _a16129
040 _aGR-AtMCL
_bgre
_dGR-AtMCL
_eAACR2
245 1 _aΕργασία από τον Αυταρχισμό στη Συμμετοχή
260 _bΠαπαζήση,
_c1990
300 _a312
520 _aΣτο βιβλίο περιγράφονται οι αγώνες των εργαζομένων όλων των εποχών για την απελευθέρωση τους από τη δουλεία, την καταπίεση, την εκμετάλλευση και την αλλοτροίωση καθώς και οι θεωρίες των οραματιστών διανοούμενων για εργασία που δεν θα ευνουχίζει στοιχεία της προσωπικότητας των εργαζομένων, αλλά θα δίνει διέξοδο στο δυναμισμό και τη δημιουργικότητα τους. Πρόλογος, Ιστορική Εξέλιξη των Εργασιακών Σχέσεων, Θεωρίες γύρω απο τις Εργασιακές Σχέσεις και τον Καταμερισμό και τη Διεύθυνση και την Οργάνωση της Εργασίας, Οι Οικονομικές Θεωρίες για τη Διαμόρφωση του Επιπέδου των Μισθών, Οράματα και Αγώνες για Περισσότερο Ελεύθερο Χρόνο, Αλλοτρίωση ή Αυτοπροσδιορισμός, Αυτοδιαχειριστικές Εμπειρίες και Συνδιαχείριση, Η Εργασία σε Συμμετοχικά Συστήματα Διοίκησης, Επίλογος.
700 1 _aΛυμπερόπουλος Κ
_92165
942 _cBK
999 _c1666
_d1666